| 000 | 01095cam a2200313Ia 4500 | ||
|---|---|---|---|
| 001 | 51186 | ||
| 005 | 20230411090005.0 | ||
| 008 | 020912r20022001nyuab b 001 0 eng | ||
| 035 | _a(OCoLC)ocm50591646 | ||
| 040 |
_aNMP _cNMP _dMEA _dGZQ _dOCLCQ _dBAKER _dIHI |
||
| 020 | _a0452283701 (pbk.) | ||
| 020 | _a9780452283701 (pbk.) | ||
| 035 | _a(OCoLC)50591646 | ||
| 092 |
_a553.82 _bHa |
||
| 090 |
_aTS753 _bH326d 2002 |
||
| 049 | _aGRAL | ||
| 100 | 1 |
_aHart, Matthew, _d1945- |
|
| 245 | 1 | 0 |
_aDiamond : _bthe history of a cold-blooded love affair / _cMatthew Hart. |
| 260 |
_aNew York : _bPlume, _c2002. |
||
| 300 |
_a276 p. : _bill. maps ; _c22 cm. |
||
| 500 | _aPrevious edition titled: Diamond: a journey to the heart of an obsession (New York : Walker & Company, 2001). | ||
| 504 | _aIncludes bibliographical references (p. [255]-258) and index. | ||
| 650 | 0 |
_aDiamonds _xHistory. |
|
| 650 | 0 |
_aDiamond industry and trade _xHistory. |
|
| 938 |
_aBaker & Taylor _bBKTY _c15.00 _d11.25 _i0452283701 _n0004016979 _sactive |
||
| 942 |
_2lcc _cbk |
||
| 994 |
_aC0 _bDRFGD |
||
| 946 | _acsexposito | ||
| 999 |
_c110534 _d110534 |
||